|
|
|
|
| LEADER |
02249nam a22004575i 4500 |
| 001 |
978-1-4842-0070-4 |
| 003 |
DE-He213 |
| 005 |
20160930022551.0 |
| 007 |
cr nn 008mamaa |
| 008 |
150203s2015 xxu| s |||| 0|eng d |
| 020 |
|
|
|a 9781484200704
|9 978-1-4842-0070-4
|
| 024 |
7 |
|
|a 10.1007/978-1-4842-0070-4
|2 doi
|
| 040 |
|
|
|d GrThAP
|
| 050 |
|
4 |
|a QA75.5-76.95
|
| 072 |
|
7 |
|a UY
|2 bicssc
|
| 072 |
|
7 |
|a COM014000
|2 bisacsh
|
| 082 |
0 |
4 |
|a 004
|2 23
|
| 100 |
1 |
|
|a Sun, Jiming.
|e author.
|
| 245 |
1 |
0 |
|a Embedded Firmware Solutions
|h [electronic resource] :
|b Development Best Practices for the Internet of Things /
|c by Jiming Sun, Marc Jones, Stefan Reinauer, Vincent Zimmer.
|
| 264 |
|
1 |
|a Berkeley, CA :
|b Apress :
|b Imprint: Apress,
|c 2015.
|
| 300 |
|
|
|a XXIII, 224 p. 68 illus.
|b online resource.
|
| 336 |
|
|
|a text
|b txt
|2 rdacontent
|
| 337 |
|
|
|a computer
|b c
|2 rdamedia
|
| 338 |
|
|
|a online resource
|b cr
|2 rdacarrier
|
| 347 |
|
|
|a text file
|b PDF
|2 rda
|
| 506 |
0 |
|
|a Open Access
|
| 520 |
|
|
|a Embedded Firmware Solutions is the perfect introduction and daily-use field guide--for the thousands of firmware designers, hardware engineers, architects, managers, and developers--to Intel’s new firmware direction (including Quark coverage), showing how to integrate Intel® Architecture designs into their plans. Featuring hands-on examples and exercises using Open Source codebases, like Coreboot and EFI Development Kit (tianocore) and Chromebook, this is the first book that combines a timely and thorough overview of firmware solutions for the rapidly evolving embedded ecosystem with in-depth coverage of requirements and optimization.
|
| 650 |
|
0 |
|a Computer science.
|
| 650 |
|
0 |
|a Microprogramming.
|
| 650 |
1 |
4 |
|a Computer Science.
|
| 650 |
2 |
4 |
|a Computer Science, general.
|
| 650 |
2 |
4 |
|a Control Structures and Microprogramming.
|
| 700 |
1 |
|
|a Jones, Marc.
|e author.
|
| 700 |
1 |
|
|a Reinauer, Stefan.
|e author.
|
| 700 |
1 |
|
|a Zimmer, Vincent.
|e author.
|
| 710 |
2 |
|
|a SpringerLink (Online service)
|
| 773 |
0 |
|
|t Springer eBooks
|
| 776 |
0 |
8 |
|i Printed edition:
|z 9781484200711
|
| 856 |
4 |
0 |
|u http://dx.doi.org/10.1007/978-1-4842-0070-4
|z Full Text via HEAL-Link
|
| 912 |
|
|
|a ZDB-2-CWD
|
| 950 |
|
|
|a Professional and Applied Computing (Springer-12059)
|